Warszawa - prawda czy fałsz? - Statystyki

Ogólne statystyki
  • Ten quiz został rozwiązany 297 razy
    48 od ostatniego zresetowania
  • Średni wynik to 12 z 15
Statystyki odpowiedzi
Zagadnienie Odpowiedź % Poprawnych
Przepływa tu Warta. Fałsz
98%
Na herbie miasta nie występuje syrenka. Fałsz
95%
Posiada 2 linie metra. Prawda
95%
Pałac Kultury i Nauki znajduje się na śródmieściu. Prawda
93%
Stadion Legii Warszawa znajduję się na ulicy Łazienkowskiej. Prawda
84%
Fryderyk Chopin urodził się tutaj. Fałsz
81%
W stolicy znajduje się tylko jedno działające lotnisko. Fałsz
81%
Składa się z 18 dzielnic. Prawda
81%
Graniczy z Parkiem Narodowym. Prawda
77%
Varso Tower to najwyższy budynek w Unii Europejskiej. Prawda
74%
Najbliższą stolicą innego państwa jest Berlin. Fałsz
72%
W Warszawie jest jeden pomnik syrenki. Fałsz
65%
Lech Kaczyński był jej prezydentem. Prawda
60%
Zmarł tutaj Józef Piłsudski. Prawda
60%
Pod względem powierzchni jest największym miastem w Polsce. Fałsz
42%
Nie znaleziono quizów pasujących do podanych kryteriów
Rozkład punktacji
Procent ludzi z każdym wynikiem
Percentyl według liczby udzielonych odpowiedzi
Twoja historia wyników
Nie rozwiązałeś tego quizu od ostatniego zresetowania